Valuations: a textbook on valuation applied to the sale and purchase of freehold, lifehold, copyhold and leasehold property... (Record no. 86968)

MARC details
000 -LEADER
fixed length control field 00486cam a2200169 4500
001 - CONTROL NUMBER
control field D13914
008 - FIXED-LENGTH DATA ELEMENTS--GENERAL INFORMATION
fixed length control field 090401t1915 xxu||||| |||| 00| 0 eng d
035 ## - SYSTEM CONTROL NUMBER
System control number (Sirsi) u12290
041 ## - LANGUAGE CODE
Language code of text/sound track or separate title eng
100 ## - MAIN ENTRY--PERSONAL NAME
Personal name Skrimshire, Samuel
245 ## - TITLE STATEMENT
Title Valuations: a textbook on valuation applied to the sale and purchase of freehold, lifehold, copyhold and leasehold property...
260 ## - PUBLICATION, DISTRIBUTION, ETC.
Place of publication, distribution, etc. London
Name of publisher, distributor, etc. E & F Spon
Date of publication, distribution, etc. 1915
350 ## - PRICE (NR) (BK AM CF MU VM SE) [OBSOLETE]
Price 0
520 ## - SUMMARY, ETC.
Summary, etc. Shelf 135
942 ## - ADDED ENTRY ELEMENTS (KOHA)
Suppress in OPAC 0
948 ## - LOCAL PROCESSING INFORMATION (OCLC); SERIES PART DESIGNATOR (RLIN)
c (OCLC) 04/03/1997
Holdings
Withdrawn status Lost status Source of classification or shelving scheme Damaged status Not for loan Home library Current library Shelving location Date acquired Total Checkouts Full call number Barcode Date last seen Copy number Price effective from Koha item type
    Dewey Decimal Classification     London London Basement 09/08/1991   SHELF 135 30015178 06/08/2019 1 06/08/2019 Reference material